000 00825nam a2200217Ii 4500
003 JO-AjNU
008 230605s9999||||xx |||||||||||||| ||und||
017 _a2007/4/1185
040 _aJO-AjNU
_bara
_erda
_cJO-AjNU
041 _aara
050 1 4 _aBF575.A5.A28.2008
100 3 _aابو دلبوح،اسماء عقله,
_eauthor
_930992
245 0 0 _aالارشاد الجمعي فاعليته في خفض مستوى الغضب
250 _aالطبعة العربية
264 3 1 _aعمان:دار اليازوري العلمية للنشر والتوزيع ، 2008
300 _a144ص
_bالملاحق من ص 71-ص130
336 _atext
_btxt
_2rdacontent
337 _aunmediated
_bn
_2rdamedia
338 _avolume
_bnc
_2rdacarrier
650 4 _aالارشاد النفسي-الغضب-جوانب نفسية
_930993
999 _aA12348
_c15916
_d15916